| 000 | 00598nam a22001937a 4500 | ||
|---|---|---|---|
| 003 | UA-OsUOA | ||
| 001 | 8762 | ||
| 007 | ta | ||
| 008 | 20040818b un ||||| |||| 00| 0 ukr d | ||
| 100 | _aБакан С. | ||
| 700 | _aОдинець Є. | ||
| 942 | _cSA | ||
| 040 |
_aUA-OsUOA _cUA-OsUOA _dUA-OsUOA |
||
| 245 | _aПолітематична база даних статей з періодичних видань парламентської бібліотеки України | ||
| 300 | _aС.12-14 | ||
| 955 | _a0 | ||
| 773 | 0 | _w0 | |
| 650 | 7 |
_aІнформаційні технології _2UDC |
|
| 999 |
_c294923 _d294923 |
||